[Event "Glorney Gilbert International 2015 - Gilbert"]
[Site "Johnstown House, Enfield, Co. Meath, Ireland"]
[Date "2015.07.23"]
[Round "5.1"]
[White "WLS Camp, Imogen"]
[Black "IRL Mirza, Diana"]
[Result "0-1"]
[BlackElo "1735"]
[WhiteElo "1551"]
[LiveChessVersion "1.4.6"]

1. d4 {[%clk 1:30:57]} Nf6 {[%clk 1:30:56]} 2. Nf3 {[%clk 1:31:20]} g6
{[%clk 1:31:21]} 3. Bf4 {[%clk 1:31:34]} Bg7 {[%clk 1:31:46]} 4. Nbd2
{[%clk 1:31:55]} d6 {[%clk 1:31:59]} 5. e4 {[%clk 1:31:49]} O-O {[%clk 1:32:09]}
6. c3 {[%clk 1:31:09]} Nbd7 {[%clk 1:30:50]} 7. Bd3 {[%clk 1:28:25]} Nh5
{[%clk 1:30:16]} 8. Bg5 {[%clk 1:24:53]} h6 {[%clk 1:29:00]} 9. Be3
{[%clk 1:24:38]} e5 {[%clk 1:25:33]} 10. Qc2 {[%clk 1:23:08]} Nf4
{[%clk 1:18:24]} 11. Bxf4 {[%clk 1:23:10]} exf4 {[%clk 1:18:52]} 12. h4
{[%clk 1:18:11]} a6 {[%clk 1:11:05]} 13. g3 {[%clk 1:13:23]} fxg3
{[%clk 1:10:36]} 14. fxg3 {[%clk 1:13:25]} Nf6 {[%clk 1:09:41]} 15. Be2
{[%clk 1:06:04]} Re8 {[%clk 1:03:56]} 16. Nh2 {[%clk 1:02:38]} Nxe4
{[%clk 1:01:53]} 17. Nxe4 {[%clk 1:00:58]} Bf5 {[%clk 1:02:22]} 18. Bd3
{[%clk 0:58:40]} d5 {[%clk 1:02:22]} 19. O-O-O {[%clk 0:57:59]} dxe4
{[%clk 1:02:16]} 20. Be2 {[%clk 0:56:49]} h5 {[%clk 0:50:31]} 21. g4
{[%clk 0:54:24]} hxg4 {[%clk 0:50:57]} 22. Nxg4 {[%clk 0:54:15]} e3
{[%clk 0:50:40]} 23. Qb3 {[%clk 0:53:20]} Re4 {[%clk 0:38:33]} 24. Rdg1
{[%clk 0:51:02]} Bxg4 {[%clk 0:30:56]} 25. Bxg4 {[%clk 0:44:45]} e2
{[%clk 0:29:55]} 26. Bf3 {[%clk 0:39:40]} Re3 {[%clk 0:23:50]} 27. Qxb7
{[%clk 0:36:58]} Rb8 {[%clk 0:23:52]} 28. Qd5 {[%clk 0:35:41]} Qf6
{[%clk 0:15:23]} 29. Be4 {[%clk 0:31:01]} Re8 {[%clk 0:15:35]} 30. Rxg6
{[%clk 0:19:10]} e1=Q+ {[%clk 0:13:59]} 31. Kc2 {[%clk 0:18:36]} Qff2+
{[%clk 0:12:13]} 32. Kb3 {[%clk 0:18:53]} Rb8+ {[%clk 0:12:40]} 0-1

[Event "Glorney Gilbert International 2015 - Gilbert"]
[Site "Johnstown House, Enfield, Co. Meath, Ireland"]
[Date "2015.07.23"]
[Round "5.2"]
[White "IRL O'Gorman, Alice"]
[Black "WLS Sivarajasingam, Shayanna"]
[Result "1/2-1/2"]
[BlackElo "1689"]
[WhiteElo "1720"]
[LiveChessVersion "1.4.6"]

1. e4 {[%clk 1:30:57]} e6 {[%clk 1:30:58]} 2. d4 {[%clk 1:31:20]} d5
{[%clk 1:31:27]} 3. exd5 {[%clk 1:31:44]} exd5 {[%clk 1:31:53]} 4. Nf3
{[%clk 1:31:11]} Nf6 {[%clk 1:32:12]} 5. Bd3 {[%clk 1:31:18]} Bd6
{[%clk 1:32:33]} 6. c3 {[%clk 1:30:43]} O-O {[%clk 1:32:58]} 7. O-O
{[%clk 1:30:58]} Re8 {[%clk 1:33:18]} 8. Bg5 {[%clk 1:29:43]} h6 {[%clk 1:33:21]}
9. Bh4 {[%clk 1:29:56]} Nbd7 {[%clk 1:32:58]} 10. Nbd2 {[%clk 1:29:17]} c6
{[%clk 1:33:12]} 11. Qc2 {[%clk 1:27:19]} Nf8 {[%clk 1:25:36]} 12. Rfe1
{[%clk 1:23:01]} Be6 {[%clk 1:24:03]} 13. Re2 {[%clk 1:17:09]} N8d7
{[%clk 1:23:27]} 14. Rae1 {[%clk 1:12:37]} Qc7 {[%clk 1:23:31]} 15. Bf5
{[%clk 1:03:21]} Bxf5 {[%clk 1:23:02]} 16. Qxf5 {[%clk 1:03:14]} Rxe2
{[%clk 1:22:59]} 17. Rxe2 {[%clk 1:03:36]} Qb6 {[%clk 1:19:18]} 18. Qb1
{[%clk 0:55:23]} Re8 {[%clk 1:14:06]} 19. Rxe8+ {[%clk 0:52:10]} Nxe8
{[%clk 1:14:20]} 20. Qc2 {[%clk 0:49:12]} Nef6 {[%clk 1:13:56]} 21. Qb3
{[%clk 0:47:43]} Qxb3 {[%clk 1:13:17]} 22. Nxb3 {[%clk 0:48:07]} Bc7
{[%clk 1:12:26]} 23. Ne1 {[%clk 0:43:31]} g5 {[%clk 1:05:33]} 24. Bg3
{[%clk 0:43:14]} Bxg3 {[%clk 1:05:45]} 25. hxg3 {[%clk 0:43:15]} b6
{[%clk 1:03:10]} 26. Nc2 {[%clk 0:38:46]} Ne4 {[%clk 1:02:48]} 27. Nb4
{[%clk 0:33:59]} Nb8 {[%clk 1:02:56]} 28. Kf1 {[%clk 0:30:38]} Kf8
{[%clk 1:02:36]} 29. Ke2 {[%clk 0:28:43]} Ke7 {[%clk 1:02:39]} 30. Nd2
{[%clk 0:26:34]} Nxd2 {[%clk 1:00:12]} 31. Kxd2 {[%clk 0:26:59]} f5
{[%clk 1:00:32]} 32. Ke3 {[%clk 0:22:10]} Ke6 {[%clk 1:00:42]} 33. Ke4 Ke5+
1/2-1/2

[Event "Glorney Gilbert International 2015 - Gilbert"]
[Site "Johnstown House, Enfield, Co. Meath, Ireland"]
[Date "2015.07.23"]
[Round "5.3"]
[White "WLS Richards, Megan"]
[Black "IRL Manojlovic, Anastasija"]
[Result "0-1"]
[BlackElo "1559"]
[WhiteElo "1403"]
[LiveChessVersion "1.4.6"]

1. e4 {[%clk 1:30:58]} e5 {[%clk 1:30:57]} 2. Nf3 {[%clk 1:31:25]} Nc6
{[%clk 1:31:23]} 3. Bc4 {[%clk 1:31:45]} Bc5 {[%clk 1:31:48]} 4. O-O
{[%clk 1:31:04]} d6 {[%clk 1:31:55]} 5. h3 {[%clk 1:30:55]} Nf6 {[%clk 1:31:53]}
6. d3 {[%clk 1:30:42]} Be6 {[%clk 1:31:47]} 7. Bb5 {[%clk 1:28:51]} Qd7
{[%clk 1:25:18]} 8. Nc3 {[%clk 1:25:18]} h6 {[%clk 1:22:30]} 9. Na4
{[%clk 1:20:30]} Bb6 {[%clk 1:22:09]} 10. Nxb6 {[%clk 1:18:43]} axb6
{[%clk 1:19:21]} 11. Be3 {[%clk 1:10:26]} O-O {[%clk 1:05:50]} 12. Nd2
{[%clk 1:06:42]} Ra5 {[%clk 1:02:55]} 13. Bxc6 {[%clk 1:01:54]} bxc6
{[%clk 1:00:15]} 14. a3 {[%clk 0:56:44]} d5 {[%clk 0:58:17]} 15. b4
{[%clk 0:54:29]} Ra6 {[%clk 0:55:48]} 16. c3 {[%clk 0:48:51]} Rfa8
{[%clk 0:51:52]} 17. a4 {[%clk 0:44:57]} Ne8 {[%clk 0:43:53]} 18. Ra3
{[%clk 0:36:08]} Nd6 {[%clk 0:42:42]} 19. exd5 {[%clk 0:34:59]} cxd5
{[%clk 0:41:25]} 20. a5 {[%clk 0:32:55]} Nb5 {[%clk 0:35:18]} 21. Ra1
{[%clk 0:31:39]} bxa5 {[%clk 0:33:29]} 22. bxa5 {[%clk 0:31:32]} Rxa5
{[%clk 0:33:24]} 23. Rxa5 {[%clk 0:30:20]} Rxa5 {[%clk 0:33:40]} 24. Qc2
{[%clk 0:27:56]} d4 {[%clk 0:25:46]} 25. cxd4 {[%clk 0:28:07]} Nxd4
{[%clk 0:23:08]} 26. Qd1 {[%clk 0:23:15]} Nf5 {[%clk 0:19:22]} 27. Qc2
{[%clk 0:20:27]} Rd5 {[%clk 0:14:51]} 28. Nc4 {[%clk 0:18:10]} f6
{[%clk 0:12:45]} 29. Rd1 {[%clk 0:18:13]} e4 {[%clk 0:10:47]} 30. Nb2
{[%clk 0:17:05]} Nxe3 {[%clk 0:08:53]} 31. fxe3 {[%clk 0:17:23]} exd3
{[%clk 0:08:51]} 32. Nxd3 {[%clk 0:16:55]} Bf5 {[%clk 0:08:18]} 33. Qb3
{[%clk 0:17:06]} Kh7 34. Nf2 Rxd1+ {[%clk 0:06:01]} 35. Qxd1 {[%clk 0:16:37]}
Qxd1+ {[%clk 0:06:09]} 36. Nxd1 {[%clk 0:17:05]} Kg6 {[%clk 0:05:29]} 37. Kf2
{[%clk 0:17:13]} Kf7 {[%clk 0:04:40]} 38. Nc3 {[%clk 0:17:26]} Bd7
{[%clk 0:03:26]} 39. e4 {[%clk 0:16:10]} Ke6 {[%clk 0:03:15]} 40. Ke3
{[%clk 0:16:31]} Ke5 {[%clk 0:03:03]} 41. g4 {[%clk 0:15:10]} Bc6
{[%clk 0:03:04]} 42. Kd3 {[%clk 0:14:46]} Kf4 {[%clk 0:02:53]} 43. Ne2+
{[%clk 0:14:51]} Kg5 {[%clk 0:02:22]} 44. Ke3 {[%clk 0:14:39]} Kh4
{[%clk 0:02:08]} 45. Kf3 {[%clk 0:12:46]} Kxh3 {[%clk 0:01:43]} 46. Nf4+
{[%clk 0:13:13]} Kh4 {[%clk 0:01:18]} 47. Ne6 {[%clk 0:13:25]} Bd7
{[%clk 0:01:13]} 48. Nxg7 {[%clk 0:13:23]} Bxg4+ {[%clk 0:01:18]} 49. Kf4
{[%clk 0:13:41]} Bd7 {[%clk 0:01:00]} 50. Nf5+ {[%clk 0:13:50]} Kh5
{[%clk 0:00:38]} 51. Ng3+ {[%clk 0:13:02]} Kg6 {[%clk 0:00:56]} 52. e5
{[%clk 0:11:56]} fxe5+ {[%clk 0:00:56]} 53. Kxe5 {[%clk 0:12:23]} Bb5
{[%clk 0:00:55]} 54. Kd5 {[%clk 0:12:37]} c6+ {[%clk 0:01:10]} 55. Kc5
{[%clk 0:12:46]} h5 {[%clk 0:00:56]} 56. Nh1 {[%clk 0:11:40]} Kf5
{[%clk 0:01:16]} 57. Ng3+ {[%clk 0:11:46]} Kg4 {[%clk 0:01:40]} 58. Nxh5
{[%clk 0:12:11]} Kxh5 59. Kd4 {[%clk 0:12:37]} Kg6 {[%clk 0:01:46]} 60. Kc5
{[%clk 0:12:28]} Kf6 {[%clk 0:01:46]} 61. Kb4 {[%clk 0:12:00]} Ke5
{[%clk 0:01:35]} 62. Kc5 {[%clk 0:12:20]} Ke4 {[%clk 0:01:37]} 63. Kb4
{[%clk 0:12:12]} Kd4 {[%clk 0:02:00]} 64. Kb3 {[%clk 0:12:36]} c5
{[%clk 0:02:04]} 65. Kc2 {[%clk 0:13:00]} Kc4 {[%clk 0:02:00]} 0-1

[Event "Glorney Gilbert International 2015 - Gilbert"]
[Site "Johnstown House, Enfield, Co. Meath, Ireland"]
[Date "2015.07.23"]
[Round "5.4"]
[White "SCO Reid, Caitlin"]
[Black "ENG Shephard, Katherine"]
[Result "0-1"]
[BlackElo "1864"]
[WhiteElo "1524"]
[LiveChessVersion "1.4.6"]

1. e4 {[%clk 1:28:14]} e6 {[%clk 1:30:56]} 2. d4 {[%clk 1:28:35]} d5
{[%clk 1:31:23]} 3. Nc3 {[%clk 1:28:52]} Nf6 {[%clk 1:31:25]} 4. Bd3
{[%clk 1:25:32]} dxe4 {[%clk 1:27:03]} 5. Nxe4 {[%clk 1:25:17]} Nbd7
{[%clk 1:26:28]} 6. Nf3 {[%clk 1:20:18]} Nxe4 {[%clk 1:21:25]} 7. Bxe4
{[%clk 1:18:34]} Nf6 {[%clk 1:20:55]} 8. Bd3 {[%clk 1:18:38]} c5 {[%clk 1:20:45]}
9. Be3 {[%clk 1:10:14]} Qc7 {[%clk 1:08:59]} 10. O-O {[%clk 0:57:54]} Be7
{[%clk 1:00:29]} 11. Re1 {[%clk 0:57:56]} O-O {[%clk 0:59:30]} 12. c3
{[%clk 0:58:10]} b6 {[%clk 0:57:54]} 13. Qd2 {[%clk 0:35:29]} Bb7
{[%clk 0:46:34]} 14. Ne5 {[%clk 0:32:21]} Be4 {[%clk 0:36:50]} 15. Bf4
{[%clk 0:19:31]} Qb7 {[%clk 0:33:12]} 16. Bxe4 {[%clk 0:15:14]} Nxe4
{[%clk 0:33:35]} 17. Qe3 {[%clk 0:15:35]} Nf6 {[%clk 0:32:43]} 18. Qd3
{[%clk 0:13:41]} Rfd8 {[%clk 0:30:20]} 19. Rac1 {[%clk 0:10:29]} Qd5
{[%clk 0:19:58]} 20. Be3 {[%clk 0:08:53]} Qxe5 {[%clk 0:15:19]} 21. dxe5
{[%clk 0:08:33]} Rxd3 {[%clk 0:15:43]} 22. exf6 {[%clk 0:08:47]} Bxf6
{[%clk 0:16:07]} 23. Rcd1 {[%clk 0:08:27]} Rad8 {[%clk 0:13:32]} 24. Rxd3
{[%clk 0:08:49]} Rxd3 {[%clk 0:13:57]} 25. g3 {[%clk 0:09:12]} Kf8
{[%clk 0:13:16]} 26. Bf4 {[%clk 0:09:32]} Ke7 {[%clk 0:12:20]} 27. Re4
{[%clk 0:08:37]} b5 {[%clk 0:06:21]} 28. c4 {[%clk 0:06:06]} b4 {[%clk 0:04:49]}
29. b3 {[%clk 0:06:23]} Bd4 {[%clk 0:04:24]} 30. Kg2 {[%clk 0:06:02]} f6
{[%clk 0:04:13]} 31. Bb8 {[%clk 0:04:02]} Rd2 {[%clk 0:04:05]} 32. Bxa7
{[%clk 0:03:23]} Rxf2+ {[%clk 0:04:04]} 33. Kh3 {[%clk 0:03:29]} Rxa2
{[%clk 0:04:16]} 34. Rxd4 {[%clk 0:03:00]} cxd4 {[%clk 0:03:34]} 35. Bxd4
{[%clk 0:03:23]} Kd6 {[%clk 0:02:08]} 36. Be3 {[%clk 0:03:02]} Ra3
{[%clk 0:02:16]} 37. Kg4 {[%clk 0:02:38]} Rxb3 {[%clk 0:02:31]} 38. Bb6
{[%clk 0:02:36]} Kc6 {[%clk 0:02:42]} 39. c5 {[%clk 0:02:42]} Rc3
{[%clk 0:02:57]} 40. h4 {[%clk 0:02:07]} b3 {[%clk 0:03:04]} 0-1

[Event "Glorney Gilbert International 2015 - Gilbert"]
[Site "Johnstown House, Enfield, Co. Meath, Ireland"]
[Date "2015.07.23"]
[Round "6.1"]
[White "ENG Shephard, Katherine"]
[Black "IRL Mirza, Diana"]
[Result "1-0"]
[BlackElo "1735"]
[WhiteElo "1864"]
[LiveChessVersion "1.4.6"]

1. d4 {[%clk 1:30:57]} Nf6 {[%clk 1:30:56]} 2. Nf3 {[%clk 1:30:52]} g6
{[%clk 1:31:20]} 3. c4 {[%clk 1:30:54]} Bg7 {[%clk 1:31:44]} 4. Nc3
{[%clk 1:30:51]} O-O {[%clk 1:32:07]} 5. e4 {[%clk 1:30:27]} d6 {[%clk 1:32:32]}
6. Bg5 {[%clk 1:27:40]} Nbd7 {[%clk 1:29:38]} 7. Bd3 {[%clk 1:18:41]} e5
{[%clk 1:29:07]} 8. O-O {[%clk 1:14:56]} exd4 {[%clk 1:22:54]} 9. Nxd4
{[%clk 1:14:36]} h6 {[%clk 1:19:48]} 10. Be3 {[%clk 1:10:31]} Ne5
{[%clk 1:19:38]} 11. f3 {[%clk 1:09:15]} Nfd7 {[%clk 1:04:12]} 12. b3
{[%clk 1:05:18]} Nxd3 {[%clk 0:54:28]} 13. Qxd3 {[%clk 1:05:28]} Ne5
{[%clk 0:54:44]} 14. Qd2 {[%clk 1:01:54]} Kh7 {[%clk 0:55:06]} 15. Rad1
{[%clk 0:57:27]} f5 {[%clk 0:49:18]} 16. exf5 {[%clk 0:51:37]} Bxf5
{[%clk 0:47:42]} 17. Nxf5 {[%clk 0:48:05]} Rxf5 {[%clk 0:47:40]} 18. c5
{[%clk 0:45:19]} Rf7 {[%clk 0:37:17]} 19. cxd6 {[%clk 0:38:44]} cxd6
{[%clk 0:35:55]} 20. Qxd6 {[%clk 0:28:11]} Qe8 {[%clk 0:22:13]} 21. Ne4
{[%clk 0:22:08]} Nc6 {[%clk 0:20:32]} 22. Qg3 {[%clk 0:16:48]} Qe6
{[%clk 0:17:04]} 23. Qh4 {[%clk 0:13:11]} Raf8 {[%clk 0:14:29]} 24. Ng5+
{[%clk 0:12:49]} 1-0

[Event "Glorney Gilbert International 2015 - Gilbert"]
[Site "Johnstown House, Enfield, Co. Meath, Ireland"]
[Date "2015.07.23"]
[Round "6.2"]
[White "IRL O'Gorman, Alice"]
[Black "ENG Green, Emily"]
[Result "1-0"]
[BlackElo "1629"]
[WhiteElo "1720"]
[LiveChessVersion "1.4.6"]

1. e4 {[%clk 1:30:59]} e5 {[%clk 1:30:55]} 2. Nf3 {[%clk 1:31:21]} Nc6
{[%clk 1:31:21]} 3. Bc4 {[%clk 1:31:44]} Bc5 {[%clk 1:31:44]} 4. O-O
{[%clk 1:31:50]} Nf6 {[%clk 1:31:50]} 5. d3 {[%clk 1:31:47]} O-O {[%clk 1:31:49]}
6. Re1 {[%clk 1:30:43]} d6 {[%clk 1:31:42]} 7. c3 {[%clk 1:30:40]} Bg4
{[%clk 1:30:15]} 8. Nbd2 {[%clk 1:29:16]} Bb6 {[%clk 1:26:25]} 9. Bb3
{[%clk 1:27:32]} d5 {[%clk 1:23:13]} 10. exd5 {[%clk 1:24:42]} Nxd5
{[%clk 1:23:10]} 11. h3 {[%clk 1:24:08]} Bxf3 {[%clk 1:20:46]} 12. Nxf3
{[%clk 1:23:32]} Qd6 {[%clk 1:19:42]} 13. Bd2 {[%clk 1:10:41]} Rfe8
{[%clk 1:16:11]} 14. Bc2 {[%clk 1:00:49]} Rad8 {[%clk 1:14:14]} 15. a3
{[%clk 0:57:38]} Nf6 {[%clk 1:12:23]} 16. Be3 {[%clk 0:54:40]} h6
{[%clk 1:05:54]} 17. Bxb6 {[%clk 0:51:18]} axb6 {[%clk 1:05:55]} 18. Re2
{[%clk 0:47:06]} Kf8 {[%clk 1:01:40]} 19. Qd2 {[%clk 0:44:33]} Qd5
{[%clk 0:51:41]} 20. Rae1 {[%clk 0:38:49]} Qd6 {[%clk 0:44:16]} 21. Qd1
{[%clk 0:31:15]} Nd5 {[%clk 0:35:54]} 22. g3 {[%clk 0:25:04]} Nf6
{[%clk 0:34:25]} 23. Nd2 {[%clk 0:22:09]} Qe6 {[%clk 0:29:28]} 24. Kh2
{[%clk 0:20:12]} Qd7 {[%clk 0:20:18]} 25. Nf3 {[%clk 0:18:09]} e4
{[%clk 0:16:48]} 26. dxe4 {[%clk 0:15:59]} Qxd1 {[%clk 0:17:06]} 27. Rxd1
{[%clk 0:15:33]} Rxd1 {[%clk 0:17:22]} 28. Bxd1 {[%clk 0:15:35]} Nxe4
{[%clk 0:16:55]} 29. Bc2 {[%clk 0:14:25]} Nf6 {[%clk 0:16:39]} 30. Rxe8+
{[%clk 0:14:02]} Kxe8 {[%clk 0:16:30]} 31. Ba4 {[%clk 0:12:07]} Ke7
{[%clk 0:16:01]} 32. Nd2 {[%clk 0:11:33]} Ne5 {[%clk 0:14:43]} 33. Bc2
{[%clk 0:11:11]} Kd7 {[%clk 0:13:43]} 34. Kg2 {[%clk 0:11:09]} b5
{[%clk 0:11:04]} 35. f4 {[%clk 0:10:26]} Nc4 {[%clk 0:11:05]} 36. Nxc4
{[%clk 0:10:44]} bxc4 {[%clk 0:11:29]} 37. Kf3 {[%clk 0:10:46]} Kd6
{[%clk 0:10:03]} 38. Be4 {[%clk 0:09:13]} Nxe4 {[%clk 0:08:07]} 39. Kxe4
{[%clk 0:09:39]} g6 {[%clk 0:05:00]} 40. g4 {[%clk 0:09:32]} c5 {[%clk 0:03:52]}
41. h4 {[%clk 0:08:51]} Ke6 {[%clk 0:03:00]} 42. f5+ {[%clk 0:06:39]} gxf5+
{[%clk 0:01:23]} 43. gxf5+ {[%clk 0:06:59]} Kf6 {[%clk 0:01:39]} 44. Kf4
{[%clk 0:07:19]} h5 {[%clk 0:01:23]} 45. a4 {[%clk 0:07:13]} b6 {[%clk 0:01:43]}
46. Ke4 {[%clk 0:07:36]} Ke7 {[%clk 0:01:30]} 47. Kd5 {[%clk 0:06:28]} Kd7
{[%clk 0:01:29]} 48. a5 {[%clk 0:05:32]} bxa5 {[%clk 0:00:53]} 49. Kxc5
{[%clk 0:05:56]} Ke7 {[%clk 0:01:04]} 50. Kxc4 {[%clk 0:06:11]} Kf6
{[%clk 0:01:28]} 51. Kd5 {[%clk 0:06:31]} Kxf5 {[%clk 0:01:45]} 52. c4
{[%clk 0:06:55]} Kg4 {[%clk 0:01:58]} 53. c5 {[%clk 0:07:08]} f5 {[%clk 0:02:24]}
54. c6 {[%clk 0:07:25]} f4 {[%clk 0:02:48]} 55. c7 {[%clk 0:07:40]} f3
{[%clk 0:03:13]} 56. c8=Q+ {[%clk 0:08:03]} Kg3 {[%clk 0:03:34]} 57. Qc3
{[%clk 0:08:00]} Kg2 {[%clk 0:03:53]} 58. Ke4 {[%clk 0:07:54]} f2
{[%clk 0:04:11]} 59. Qf3+ {[%clk 0:08:08]} Kg1 {[%clk 0:04:27]} 60. Qg3+
{[%clk 0:08:17]} Kf1 {[%clk 0:04:46]} 61. Kf3 {[%clk 0:08:36]} Ke1
{[%clk 0:05:02]} 62. Qxf2+ {[%clk 0:08:55]} Kd1 {[%clk 0:05:24]} 63. Ke3
{[%clk 0:09:01]} Kc1 {[%clk 0:05:38]} 64. Kd3 {[%clk 0:09:07]} Kb1
{[%clk 0:05:57]} 65. b3 {[%clk 0:09:14]} Ka1 {[%clk 0:06:06]} 66. Kc3
{[%clk 0:09:37]} a4 {[%clk 0:06:29]} 67. Qb2# 1-0

[Event "Glorney Gilbert International 2015 - Gilbert"]
[Site "Johnstown House, Enfield, Co. Meath, Ireland"]
[Date "2015.07.23"]
[Round "6.3"]
[White "ENG Strong, Zoe"]
[Black "IRL Manojlovic, Anastasija"]
[Result "1/2-1/2"]
[BlackElo "1559"]
[WhiteElo "1381"]
[LiveChessVersion "1.4.6"]

1. e4 {[%clk 1:31:00]} e5 {[%clk 1:30:54]} 2. Nf3 {[%clk 1:31:24]} Nc6
{[%clk 1:31:21]} 3. Nc3 {[%clk 1:31:49]} Nf6 {[%clk 1:31:40]} 4. d4
{[%clk 1:32:12]} exd4 {[%clk 1:32:01]} 5. Nxd4 {[%clk 1:32:34]} Bb4
{[%clk 1:32:24]} 6. Nxc6 {[%clk 1:32:57]} bxc6 {[%clk 1:32:47]} 7. Bd3
{[%clk 1:33:16]} d5 {[%clk 1:32:12]} 8. exd5 {[%clk 1:33:33]} cxd5
{[%clk 1:32:37]} 9. O-O {[%clk 1:33:52]} c6 {[%clk 1:31:51]} 10. Bg5
{[%clk 1:34:00]} O-O {[%clk 1:32:02]} 11. Qf3 {[%clk 1:32:21]} Bd6
{[%clk 1:31:29]} 12. Rae1 {[%clk 1:31:42]} Bxh2+ {[%clk 1:21:12]} 13. Kh1
{[%clk 1:30:13]} Bd6 {[%clk 1:19:17]} 14. Bxf6 {[%clk 1:30:08]} Qxf6
{[%clk 1:19:17]} 15. Qxf6 {[%clk 1:30:26]} gxf6 {[%clk 1:19:42]} 16. Ne2
{[%clk 1:28:15]} Be5 {[%clk 1:09:12]} 17. b3 {[%clk 1:21:34]} c5 {[%clk 1:06:51]}
18. f4 {[%clk 1:19:05]} Bd6 {[%clk 1:05:18]} 19. c4 {[%clk 1:17:25]} dxc4
{[%clk 1:03:47]} 20. Bxc4 {[%clk 1:17:43]} Bb7 {[%clk 1:03:19]} 21. Ng3
{[%clk 1:17:16]} Rfe8 {[%clk 0:43:28]} 22. Rd1 {[%clk 1:10:00]} Rad8
{[%clk 0:38:28]} 23. Nf5 {[%clk 0:57:07]} Bf8 {[%clk 0:34:20]} 24. Kh2
{[%clk 0:47:30]} 1/2-1/2

[Event "Glorney Gilbert International 2015 - Gilbert"]
[Site "Johnstown House, Enfield, Co. Meath, Ireland"]
[Date "2015.07.23"]
[Round "6.4"]
[White "WLS Camp, Imogen"]
[Black "SCO Reid, Caitlin"]
[Result "1-0"]
[BlackElo "1524"]
[WhiteElo "1551"]
[LiveChessVersion "1.4.6"]

1. d4 {[%clk 1:30:56]} f5 {[%clk 1:30:45]} 2. Bg5 {[%clk 1:31:13]} g6
{[%clk 1:30:56]} 3. e3 {[%clk 1:31:16]} Bg7 {[%clk 1:31:16]} 4. c4
{[%clk 1:31:14]} c5 {[%clk 1:29:05]} 5. Nf3 {[%clk 1:30:24]} b6 {[%clk 1:28:24]}
6. Nc3 {[%clk 1:27:58]} Nf6 {[%clk 1:28:07]} 7. h3 {[%clk 1:25:28]} Bb7
{[%clk 1:28:04]} 8. Be2 {[%clk 1:24:08]} d6 {[%clk 1:27:55]} 9. O-O
{[%clk 1:22:42]} Nbd7 {[%clk 1:28:15]} 10. Nd2 {[%clk 1:17:24]} Rb8
{[%clk 1:23:06]} 11. Bf3 {[%clk 1:16:07]} O-O {[%clk 1:19:54]} 12. Bxb7
{[%clk 1:14:36]} Rxb7 {[%clk 1:20:18]} 13. Qf3 {[%clk 1:11:26]} Qc7
{[%clk 1:19:08]} 14. Nd5 {[%clk 1:10:02]} Nxd5 {[%clk 1:19:14]} 15. Qxd5+
{[%clk 1:09:36]} Rf7 {[%clk 1:17:35]} 16. Bxe7 {[%clk 1:08:39]} Nf6
{[%clk 1:17:50]} 17. Bxf6 {[%clk 1:09:04]} Bxf6 {[%clk 1:18:11]} 18. Nb3
{[%clk 1:06:11]} Kh8 {[%clk 1:18:04]} 19. Rac1 {[%clk 1:05:43]} a5
{[%clk 1:16:21]} 20. Rfd1 {[%clk 1:01:04]} Rf8 {[%clk 1:16:15]} 21. Nd2
{[%clk 0:59:53]} b5 {[%clk 1:15:39]} 22. b3 {[%clk 0:57:45]} b4 {[%clk 1:15:44]}
23. Nf1 {[%clk 0:55:50]} Ra7 {[%clk 1:14:21]} 24. a4 {[%clk 0:50:55]} Qe7
{[%clk 1:14:20]} 25. dxc5 {[%clk 0:50:15]} dxc5 {[%clk 1:14:28]} 26. Qd6
{[%clk 0:49:44]} Rd8 27. Qxd8+ {[%clk 0:49:44]} Qxd8 28. Rxd8+ {[%clk 0:49:44]}
Bxd8 29. Rd1 {[%clk 0:49:44]} Be7 30. Nh2 {[%clk 0:49:44]} Kg7 31. Nf3
{[%clk 0:49:44]} Kf6 32. Rd5 {[%clk 0:49:44]} Ra8 33. Ne5 {[%clk 0:49:44]} Rc8
34. g4 {[%clk 0:49:44]} Ke6 35. Kg2 {[%clk 0:49:44]} Kf6 36. Kg3 {[%clk 0:49:44]}
Ke6 37. f4 {[%clk 0:49:44]} h6 38. Nxg6 {[%clk 0:49:44]} fxg4 39. Re5+
{[%clk 0:49:44]} Kd6 40. Nxe7 {[%clk 0:49:44]} Re8 41. Nf5+ {[%clk 0:49:44]} Kd7
42. Rxe8 {[%clk 0:49:44]} Kxe8 43. hxg4 {[%clk 0:49:44]} 1-0